000 nam a22 a 4500
999 _c188416
_d188416
003 BLK
005 20211221145518.0
008 180411b bul|||||r ||||||| ||bul||
010 _aKNG00197434000
040 _aBLK
041 _aBUL
_cBUL
080 _a?Литература на ФРГ
_b830.1
_x-31
_z830.1-31
100 1 _aХартунг, Хуго
_eпърви автор
_9344569
139 _aХартунг, Хуго
_bХ 29
245 1 0 _aНие, децата-чудо
_bЕдин въпреки всичко весел роман за нашия живот
_cХуго Хартунг; прев. от нем. Владимир Мусаков.
257 _aBGR
260 _bНС ОФ
_c1961
_aСофия
300 _a288 с., 1 л.
_bпортр.
_c20 см
380 _aX
700 1 _aМусаков, Владимир
_eпрев. от нем.
_9380775
852 _aЦб 21299
856 4 _qpdf
856 4 _qpdf
942 _cKNG
_n0
_s1
944 _aCR
_c05.12.2016
_kПравда_Бадева
944 _aED
_c05.12.2016
_kПравда_Бадева
944 _aED
_c2021-12-21
_kВК
999 _d188416